| 000 | 00667nam a2200217Ia 4500 | ||
|---|---|---|---|
| 003 | IN-BaIIA | ||
| 008 | 211028s9999 xx 000 0 eng d | ||
| 020 | _a0-52141617-5 | ||
| 040 | _cIIA Library | ||
| 080 |
_a92:52 _bSHA |
||
| 100 |
_aSharov, Alexander S . _919602 |
||
| 245 | 0 |
_aEdwin Hubble: the discoverer of the big bang universe _cAlexander S Sharov and D. Novikov Igor |
|
| 260 |
_aU.K.Cambridge _bCambridge University Press |
||
| 650 |
_a20th Century _919603 |
||
| 650 |
_aAstronomy _980 |
||
| 650 |
_aBiography-Edwin Hubble _919604 |
||
| 650 | _aCosmology | ||
| 650 |
_aEdwin Hubble Biography _919605 |
||
| 700 |
_aIgor,D.Novikov _919606 |
||
| 942 | _cBK | ||
| 999 |
_c11392 _d11392 |
||